Courthouses of Texas - Statistics

General Stats
  • This quiz has been taken 6 times
  • The average score is 33 of 254
Answer Stats
Picture Answer % Correct
Dallas
80%
Austin
60%
Bailey
60%
Bexar
60%
Collin
60%
Ellis
60%
El Paso
60%
Gillespie
60%
Jim Hogg
60%
King
60%
Parker
60%
Tarrant
60%
Walker
60%
Aransas
40%
Bosque
40%
Briscoe
40%
Culberson
40%
Ector
40%
Fort Bend
40%
Hamilton
40%
Hemphill
40%
Loving
40%
Matagorda
40%
McLennan
40%
Midland
40%
Montgomery
40%
Nacogdoches
40%
Nolan
40%
Nueces
40%
Panola
40%
Rains
40%
Rockwall
40%
Sterling
40%
Stonewall
40%
Upshur
40%
Wichita
40%
Wood
40%
Angelina
20%
Archer
20%
Armstrong
20%
Blanco
20%
Borden
20%
Bowie
20%
Brazos
20%
Brewster
20%
Caldwell
20%
Cass
20%
Castro
20%
Childress
20%
Colorado
20%
Coryell
20%
Crockett
20%
Dallam
20%
Denton
20%
DeWitt
20%
Dickens
20%
Donley
20%
Fisher
20%
Floyd
20%
Franklin
20%
Gaines
20%
Galveston
20%
Goliad
20%
Hall
20%
Hardin
20%
Harris
20%
Harrison
20%
Hartley
20%
Hays
20%
Henderson
20%
Hill
20%
Hood
20%
Hopkins
20%
Hudspeth
20%
Jack
20%
Jackson
20%
Jefferson
20%
Johnson
20%
Jones
20%
Kent
20%
Kinney
20%
Lavaca
20%
Lee
20%
Lipscomb
20%
Mason
20%
Morris
20%
Navarro
20%
Newton
20%
Ochiltree
20%
Oldham
20%
Palo Pinto
20%
Potter
20%
Presidio
20%
Reagan
20%
Real
20%
Red River
20%
Roberts
20%
Scurry
20%
Shackelford
20%
Somervell
20%
Stephens
20%
Sutton
20%
Swisher
20%
Taylor
20%
Terrell
20%
Throckmorton
20%
Tom Green
20%
Travis
20%
Tyler
20%
Victoria
20%
Waller
20%
Wilbarger
20%
Winkler
20%
Wise
20%
Zapata
20%
Anderson
0%
Andrews
0%
Atascosa
0%
Bandera
0%
Bastrop
0%
Baylor
0%
Bee
0%
Bell
0%
Brazoria
0%
Brooks
0%
Brown
0%
Burleson
0%
Burnet
0%
Calhoun
0%
Callahan
0%
Cameron
0%
Camp
0%
Carson
0%
Chambers
0%
Cherokee
0%
Clay
0%
Cochran
0%
Coke
0%
Coleman
0%
Collingsworth
0%
Comal
0%
Comanche
0%
Concho
0%
Cooke
0%
Cottle
0%
Crane
0%
Crosby
0%
Dawson
0%
Deaf Smith
0%
Delta
0%
Dimmit
0%
Duval
0%
Eastland
0%
Edwards
0%
Erath
0%
Falls
0%
Fannin
0%
Fayette
0%
Foard
0%
Freestone
0%
Frio
0%
Garza
0%
Glasscock
0%
Gonzales
0%
Gray
0%
Grayson
0%
Gregg
0%
Grimes
0%
Guadalupe
0%
Hale
0%
Hansford
0%
Hardeman
0%
Haskell
0%
Hidalgo
0%
Hockley
0%
Houston
0%
Howard
0%
Hunt
0%
Hutchinson
0%
Irion
0%
Jasper
0%
Jeff Davis
0%
Jim Wells
0%
Karnes
0%
Kaufman
0%
Kendall
0%
Kenedy
0%
Kerr
0%
Kimble
0%
Kleberg
0%
Knox
0%
Lamar
0%
Lamb
0%
Lampasas
0%
La Salle
0%
Leon
0%
Liberty
0%
Limestone
0%
Live Oak
0%
Llano
0%
Lubbock
0%
Lynn
0%
Madison
0%
Marion
0%
Martin
0%
Maverick
0%
McCulloch
0%
McMullen
0%
Medina
0%
Menard
0%
Milam
0%
Mills
0%
Mitchell
0%
Montague
0%
Moore
0%
Motley
0%
Orange
0%
Parmer
0%
Pecos
0%
Polk
0%
Randall
0%
Reeves
0%
Refugio
0%
Robertson
0%
Runnels
0%
Rusk
0%
Sabine
0%
San Augustine
0%
San Jacinto
0%
San Patricio
0%
San Saba
0%
Schleicher
0%
Shelby
0%
Sherman
0%
Smith
0%
Starr
0%
Terry
0%
Titus
0%
Trinity
0%
Upton
0%
Uvalde
0%
Val Verde
0%
Van Zandt
0%
Ward
0%
Washington
0%
Webb
0%
Wharton
0%
Wheeler
0%
Willacy
0%
Williamson
0%
Wilson
0%
Yoakum
0%
Young
0%
Zavala
0%
No matching quizzes found
Score Distribution
Percent of People with Each Score
Percentile by Number Answered
Your Score History
You have not taken this quiz